Les Enfoirés 2024 : Toutes les chansons - Statistiques

Statistiques générales
  • Ce quiz a été pris 90 fois
    69 depuis la dernière actualisation
  • Le résultat moyen est 18 sur 28
Statistiques - réponses
Hint Réponse % Correct
1) Coup de vieux
87%
28) La chanson des Restos
87%
2) Jusqu'au dernier
78%
3) Magic in the air
78%
4) Popcorn salé
78%
6) Le France
74%
14) Ta marinière
70%
22) Born to be alive
65%
18) Flowers
65%
5) La goffa Lolita
65%
27) Non je n'ai rien oublié
65%
26) Partir
65%
20) Résiste
65%
25) Set fire to the rain
65%
23) Ton fils
65%
19) A fleur de toi
61%
15) Et un jour une femme
61%
24) L'amour
61%
7) Prière païenne
61%
9) Quand on arrive en ville
61%
16) Tournent les violons
61%
21) A ma manière
57%
10) Eblouie par la nuit
57%
11) Flamme
52%
17) Secret
52%
12) Une histoire d'amour
52%
8) La symphonie des éclairs
48%
13) Dès que le vent soufflera (intro)
43%
Aucun quiz correspondant
Distribution des résultats
% des personnes avec chaque résultat
Percentile par nombre de réponses
Votre historique - résultats
Vous n’avez pas pris ce quiz depuis la dernière actualisation